00418nam a2200181Ia 4500008004100000020001800041050001400059100001600073245003400089245001900123260001500142260001600157260000900173300001400182300002200196300001000218500000800228170918s9999 xx 000 0 und d a9780399226907 bC278 1987 aCarle, Eric 4aThe very hungry caterpillar / cby Eric Carle. aNew York : bScholastic, c1987 aunpaged : bchiefly colored ; c12cm. a460